|
|
|
|
| LEADER |
00000nab#a22000007a#4500 |
| 001 |
arbauad020419 |
| 003 |
AR-BaUAD |
| 005 |
20250711111800.0 |
| 008 |
960718|||||||||###||||||b###|0###a|spa|| |
| 040 |
|
|
|a AR-BaUAD
|c AR-BaUAD
|b spa
|
| 245 |
1 |
0 |
|a Getting a jump on WEB design
|
| 300 |
0 |
|
|b il.
|
| 653 |
|
|
|a DISEÑO GRAFICO
|
| 653 |
|
|
|a WEB
|
| 653 |
|
|
|a INTERNET
|
| 653 |
|
|
|a GARCIA, GAIL
|
| 653 |
|
|
|a PAGINAS WEB
|
| 773 |
0 |
|
|t HOW
|g [abr. 1996], p. 132-136
|
| 942 |
|
|
|c ARTI
|
| 952 |
|
|
|0 0
|1 0
|4 0
|7 0
|9 65338
|a AR-BAuAD
|b AR-BAuAD
|d 2025-07-11
|l 0
|p AAQA020419
|r 2025-07-11 11:18:00
|w 2025-07-11
|y ARTI
|
| 990 |
|
|
|a DG199
|b TD
|
| 998 |
|
|
|a AAQ
|b BIBUN76
|
| 999 |
|
|
|c 45011
|d 45011
|